Biblioteca y Centro de Documentación

Convenio marco de cooperación entre la Organización Iberoamericana de Seguridad Social y la Secretaría General de la Comunidad Andina, [suscrito en Madrid, el 1 de abril de 2003] (Registro nro. 15305)

Detalles MARC
000 -CABECERA
Longitud fija campo de control 01141nam a2200325 c 4500
001 - NÚMERO DE CONTROL
Número de control 15305
003 - IDENTIFICADOR DE NÚMERO DE CONTROL
Identificador del número de control ES-MaCES
005 - FECHA Y HORA DE LA ÚLTIMA TRANSACCIÓN
Fecha y hora de la última transacción 20141221122348.0
008 - CAMPO FIJO DE DESCRIPCIÓN FIJA--INFORMACIÓN GENERAL
Códigos de información de longitud fija   030711s2003 sp t m000 | spa d
035 ## - NÚMERO DE CONTROL DEL SISTEMA
Número de control del sistema CES20030009942m
040 ## - FUENTE DE CATALOGACIÓN
Centro catalogador de origen ES-MaCES
Lengua de catalogación spa
Centro transcriptor ES-MaCES
245 00 - MENCIÓN DE TÍTULO
Título Convenio marco de cooperación entre la Organización Iberoamericana de Seguridad Social y la Secretaría General de la Comunidad Andina, [suscrito en Madrid, el 1 de abril de 2003]
260 ## - PUBLICACIÓN, DISTRIBUCIÓN, ETC (PIE DE IMPRENTA)
Lugar de publicación, distribución, etc. Madrid
Nombre del editor, distribuidor, etc. OISS, Secretaría General
Fecha de publicación, distribución, etc. [2003]
300 ## - DESCRIPCIÓN FÍSICA
Extensión [8] h.
Dimensiones 30 cm
500 ## - NOTA GENERAL
Nota general Tít. tomado de la cub
500 ## - NOTA GENERAL
Nota general Ejemp. fotocopiado
541 ## - NOTA DE LA FUENTE INMEDIANTE DE ADQUISICIÓN
Forma de adquisición Gratuito
650 #4 - ASIENTO SECUNDARIO DE MATERIA--TÉRMINO DE MATERIA
Término de materia o nombre geográfico como elemento inicial organización regional
9 (RLIN) 26703
650 #4 - ASIENTO SECUNDARIO DE MATERIA--TÉRMINO DE MATERIA
Término de materia o nombre geográfico como elemento inicial relaciones interinstitucionales
9 (RLIN) 30832
650 #4 - ASIENTO SECUNDARIO DE MATERIA--TÉRMINO DE MATERIA
Término de materia o nombre geográfico como elemento inicial seguridad social
9 (RLIN) 27034
650 #4 - ASIENTO SECUNDARIO DE MATERIA--TÉRMINO DE MATERIA
Término de materia o nombre geográfico como elemento inicial acuerdo internacional
9 (RLIN) 26683
650 #4 - ASIENTO SECUNDARIO DE MATERIA--TÉRMINO DE MATERIA
Término de materia o nombre geográfico como elemento inicial 2003
9 (RLIN) 31178
650 #4 - ASIENTO SECUNDARIO DE MATERIA--TÉRMINO DE MATERIA
Término de materia o nombre geográfico como elemento inicial texto
9 (RLIN) 29624
653 10 - TÉRMINO DE INDEXACIÓN--NO CONTROLADO
Término no controlado Organizaciones
710 2# - ENCABEZAMIENTO SECUNDARIO--NOMBRE CORPORATIVO
Nombre de entidad o nombre de jurisdicción como elemento inicial Organización Iberoamericana de Seguridad Social
9 (RLIN) 4717
710 2# - ENCABEZAMIENTO SECUNDARIO--NOMBRE CORPORATIVO
Nombre de entidad o nombre de jurisdicción como elemento inicial Comunidad Andina
9 (RLIN) 2223
902 ## - CES. TIPO DE DOCUMENTO
Tipodoc (006$c Sirtex) DOC Literatura gris
942 ## - ELEMENTOS KOHA
Fuente de clasificaión o esquema Clasificación propia del CES
Koha [por defecto] tipo de item Monografías
Parte de clasificación 6.3.
Existencias
Número de registro Signatura completa Tipo de item de Koha
052895 DOC-6.3.-100 Monografías
© CES, Consejo Económico y Social de España 2021